00577 2200181 4500001002100000005001700021008004100038020002200079035002900101090001900130100003400149245009100183250001500274260003300289300002900322650002000351990002400371INLIS00000000002367020150123143031.0  a978-979-1368-89-6 a##a0010-011500000000459 aR 297.25 Muh d aMuhammad Nasiruddin Al Albani aDerajat Hadits-Hadits Dalam Tafsir Ibnu Katsirb(Hadist Shahih, Hasan, Dha'if, Maudhu) aCet 1 V. 1 aJakartabPustaka Azzamc2007 aviii + 920 hlm ; 24,5 cm aKumpulan Hadist a32672/PUSDACIL/2015